| 000 | 01799cam a22004214i 4500 | ||
|---|---|---|---|
| 003 | PE-LiUPU | ||
| 005 | 20250731173204.0 | ||
| 008 | 150625s1967 sp r 000 0 spa d | ||
| 035 | _a(Sirsi) a30620 | ||
| 040 |
_aPE-LiUPU _bspa _cPE-LiUPU _erda |
||
| 082 | 0 | 4 |
_a220.1 _bD34 _221 |
| 100 | 1 |
_aTuya, Manuel de, _eautor. |
|
| 245 | 1 | 0 |
_aIntroducción a la Biblia / _cManuel de tuya. |
| 264 | 1 |
_aMadrid : _bLa Editorial Catolica, _c1967. |
|
| 300 |
_a615 páginas ; _c19.5 centímetros |
||
| 336 |
_atext _2rdacontent |
||
| 337 |
_aunmediated _2rdamedia |
||
| 338 |
_avolume _2rdacarrier |
||
| 505 | 0 | _aCriterio para conocer la existencia de los libros. -Existencia de libros biblicamente inspirados. -Criterio para investigar la naturaleza de la insiracion biblica. -Teorias erroneas sobre la naturaleza de la inspiracion Biblica. -Extension de la inspiracion biblica. -Inerrancia de la Sagrada Escritura. La cuestion biblica. -La cuestion biblica. -Los libros canonicos. -Los libros apocrifos. -El texto original de la biblia. -Versiones antiguas de la Biblia. -Citica Biblica. | |
| 526 | _aSEG42 | ||
| 526 | _aSEG41 | ||
| 526 | _aSEG40 | ||
| 526 | _aSEG39 | ||
| 526 | _aP94 | ||
| 526 | _aP87 | ||
| 526 | _aP86 | ||
| 526 | _aP85 | ||
| 526 | _aP77 | ||
| 526 | _aP76 | ||
| 526 | _aP35 | ||
| 630 |
_aBiblia _xIntroducciones. _92045 |
||
| 910 | _a | ||
| 942 |
_2ddc _cBOOK |
||
| 949 |
_a220.1 D34 _wDEWEY _c1 _i36261 _lCCODEBUL1 _mBUL _p20.00 _r0 _sY _tBOOK _u2015-06-25 _xBIBLIOTECA _zUNKNOWN _0COMPRA _o.STAFF. Colección Teología |
||
| 596 | _a1 | ||
| 999 |
_a220.1 D34 _wDEWEY _c38085 _i36261 _d38085 _e2019-5-26 _f2021-11-9 _g5 _lCCODEBUL1 _mBUL _n8 _p20.00 _q3 _r0 _sY _tBOOK _u2015-6-25 _xTEOLOGIA _PP35 _0COMPRA _o.STAFF. Colección Teología |
||
| 980 |
_81 _gALBERTO SANCHEZ Responsable de Automatización |
||